|
|
|
|
| LEADER |
00899nam a22002412a 4500 |
| 001 |
001697485 |
| 003 |
CZ BrMZK |
| 005 |
20190729141115.0 |
| 007 |
ta |
| 008 |
190729s1954 xr er|||||||||||cze d |
| 015 |
|
|
|a cnb000432501
|
| 035 |
|
|
|a (OCoLC)85189659
|
| 040 |
|
|
|a ABA001
|b cze
|c CBA001
|d ABA001
|d BOA001
|
| 100 |
1 |
|
|a Gross, František,
|d 1909-1985
|7 jz8000295
|4 ill
|
| 245 |
1 |
0 |
|a Grafika - kresby :
|b [katalog výstavy] : Praha, 20. srpen - 19. září 1954 /
|c František Gross
|
| 260 |
|
|
|a Praha :
|b Sdružení č. umělců grafiků Hollar,
|c 1954
|
| 300 |
|
|
|a [3] s. ;
|c 8°
|
| 490 |
1 |
|
|a [Výstavy] Sdružení českých umělců grafiků Hollar ;
|v č. 182
|
| 830 |
|
0 |
|a Výstavy Sdružení českých umělců grafiků Hollar
|0 s
|
| 910 |
|
|
|a BOA001
|b X-0327.894
|
| 990 |
|
|
|a BK
|
| 991 |
|
|
|b 201907
|
| 996 |
6 |
|
|b 2618802855
|c X-0327.894
|l MZK
|r Sklad / do 24 hodin
|n 0
|w 001744453
|u 000010
|a 1
|e BOA001
|j MZK50
|s P
|